Implementation of the V.32 modem standard using the texas instrument DSP TMS 320C5X / (Record no. 182680)

000 -LEADER
fixed length control field 00742 a2200193 4500
003 - CONTROL NUMBER IDENTIFIER
control field Nust
005 - DATE AND TIME OF LATEST TRANSACTION
control field 20251111142110.0
040 ## - CATALOGING SOURCE
Transcribing agency Nust
082 ## - DEWEY DECIMAL CLASSIFICATION NUMBER
Classification number 621.382,BUT
100 ## - MAIN ENTRY--PERSONAL NAME
Personal name Butt ,NC Usman M. (TCC-09)
9 (RLIN) 131795
245 ## - TITLE STATEMENT
Title Implementation of the V.32 modem standard using the texas instrument DSP TMS 320C5X /
Statement of responsibility, etc. M Usman Butt, NC Muzammil Habib, PC Syed Ali Murtaza and PC Syed Hassan Abbas.
260 ## - PUBLICATION, DISTRIBUTION, ETC.
Place of publication, distribution, etc. Rawalpindi
Name of publisher, distributor, etc. MCS (NUST)
Date of publication, distribution, etc. 2001
300 ## - PHYSICAL DESCRIPTION
Extent 72 p.;
505 ## - FORMATTED CONTENTS NOTE
Formatted contents note Modem (Page-3), Quadrature Amplitude Modulation (Page-10), What is V.32 (page-14), Transmitter (page-25), receiver (Page-47).
650 ## - SUBJECT ADDED ENTRY--TOPICAL TERM
Topical term or geographic name entry element UG Projects
9 (RLIN) 98716
651 ## - SUBJECT ADDED ENTRY--GEOGRAPHIC NAME
Geographic name TCC-9
9 (RLIN) 131796
700 ## - ADDED ENTRY--PERSONAL NAME
Personal name Supervised by Lt Col Dr. Ashraf
9 (RLIN) 131797
942 ## - ADDED ENTRY ELEMENTS (KOHA)
Koha item type Project Report
Source of classification or shelving scheme
Holdings
Withdrawn status Lost status Source of classification or shelving scheme Damaged status Not for loan Permanent Location Current Location Shelving location Date acquired Full call number Barcode Date last seen Price effective from Koha item type Public note
          Military College of Signals (MCS) Military College of Signals (MCS) Reference 12/12/2016 621.382, BUT MCSPTC-26 12/08/2016 12/12/2016 Project Report Almirah No. 94, Shelf No. 1
© 2023 Central Library, National University of Sciences and Technology. All Rights Reserved.